000 00288nam a2200121Ia 4500
008 190216s9999||||xx |||||||||||||| ||und||
100 _aEgrov G G
245 0 _aOrigin And Development Of Life On Earth
260 _bMir Publishers
_c1988
300 _a232p
650 _aBotany
942 _cBK
999 _c1431
_d1431